Statistiken für Trainer des 1. FC Köln

Klicken Sie hier um das Quiz zu spielen!

Allgemein

  • Dieses Quiz wurde 59 mal gespielt
  • Das Durchschnittsergebnis liegt bei 11 aus 16

Antwortstatistiken

Antwort% Korrekt
Steffen Baumgart
98%
Friedhelm Funkel
91%
Peter Stöger
91%
Huub Stevens
87%
Christoph Daum
85%
Holger Stanislawski
70%
Markus Anfang
67%
Jos Luhukay
65%
Markus Gisdol
65%
Achim Beierlorzer
61%
Stale Solbakken
59%
Hennes Weisweiler
56%
Zvonimir Soldo
56%
Stefan Ruthenbeck
52%
Frank Schäfer
43%
Andre Pawlak
31%

Verteilung der Resultate

Perzentil nach korrekt beantworteten Fragen

Anzahl Personen mit jedem Resultat

Ihre Resultats-Entwicklung

Sie haben dieses Quiz noch nicht gespielt